| 000 | 00892nam a2200241 i 4500 | ||
|---|---|---|---|
| 001 | 182632 | ||
| 003 | ES-MaACL | ||
| 005 | 20251011063159.0 | ||
| 008 | 131007s2012 sp a | |||||||| | spa d | ||
| 020 | _a978-84-234-2783-3 | ||
| 080 | _a658.14/.17 | ||
| 100 | 1 |
_aManzanera, Antonio, _d1974- _9153411 |
|
| 245 | 1 | 0 |
_aFinanzas para emprendedores : _btodo lo que necesitas saber para encontrar financiación y convertir tu idea en negocio / _cAntonio Manzanera Escribano. |
| 250 | _a3ª ed. | ||
| 260 |
_aMadrid : _bDeusto, _c2012. |
||
| 300 |
_a382 p. : _bgráf. ; _c23 cm. |
||
| 504 | _aBibliografía: p. [379]-382. | ||
| 650 | 0 | 4 |
_aEmpresas- _xFinanzas _912223 |
| 852 |
_aES-MaACL _jA-12881 _9189548 _bR.149090 _cDEPO1 _dOlim: N-5881 _xDonación: Antonio Manzanera |
||
| 903 |
_aManzanera, Antonio, _d1974- _ednr _9153411 |
||
| 942 |
_2udc _cMONOGRAFIA |
||
| 999 |
_c182632 _d182632 |
||